000 00527nam a2200181Ia 4500
003 GCL
008 140319s9999 xx 000 0 eng d
040 _aGCL /
_cGCL
082 0 4 _a005.7565
_bP D
100 1 _aPRESTON, JOHN
245 1 0 _aDATABASE MANAGEMENT USING MICROSOFT ACCESS VERSION 1.1 /
_cPRESTON, JOHN
700 1 _aFERRETT, ROBERT
260 _a[S.N] :
_bWM. C. BROWIN COMMUNICATIONS, INC ،
_c1994
300 _a112 P
650 0 4 _aELECTRONIC DATA PROCESSING
650 0 4 _aDATABASE MANAGMENT
942 _2ddc
_cBK
999 _c18582
_d18582